Missing Word: Harrison Ford (A-Z) Quiz Stats

 Plays Quiz Updated Oct 3, 2012

Support Sporcle.
Go Orange.
Score 0/20 Timer 03:00
0 Plays Today
Movie Word % Correct
The Empire Strikes _____Back
99.1%
Raiders of the _____ ArkLost
97.8%
Air _____ OneForce
97.4%
Star _____Wars
96.3%
Return of the _____Jedi
94.8%
Blade _____Runner
94.2%
Apocalypse _____Now
94%
Indiana Jones and the _____ of DoomTemple
93.9%
Six _____ Seven NightsDays
93.3%
Cowboys and _____Aliens
87%
Movie Word % Correct
Clear and _____ DangerPresent
85.1%
Patriot _____Games
84%
Presumed _____Innocent
73.3%
_____ GloryMorning
54%
The Devil's _____Own
52.6%
Regarding _____Henry
51%
A Time for _____Killing
50.4%
_____ MeasuresExtraordinary
16.1%
_____ OverCrossing
8%
Journey to _____Shiloh
4.3%

Today's Daily Dose

Word Ladder
ING Words

Get the Picture
Nearest Volcano

From the Vault

Past to Present City Match

by hockeystix3

The tough part is predicting what they'll look like as future cities.
Remove Ads.
Support Sporcle.
Get the best of Sporcle when you Go Orange. This ad-free experience offers more features, more stats, and more fun while also helping to support Sporcle. Thank you for becoming a member.

Show Comments

Extras

Top Quizzes Today


Score Distribution

Your Account Isn't Verified!

In order to create a playlist on Sporcle, you need to verify the email address you used during registration. Go to your Sporcle Settings to finish the process.

Report this User

Report this user for behavior that violates our Community Guidelines.

Details: